[Event "Reykjavik op"]
[Site "Reykjavik"]
[Date "2024.03.16"]
[Round "3"]
[White "Field, Rowan Soraya"]
[Black "Pozimski, Szymon"]
[Result "0-1"]
[WhiteElo "1806"]
[BlackElo "1999"]
[PlyCount "76"]
[EventDate "2024.03.15"]
[EventType "swiss"]
[EventRounds "9"]
[EventCountry "ISL"]
[SourceTitle "CB13_2024"]
[SourceDate "2024.03.27"]
[SourceVersion "1"]
[SourceVersionDate "2024.03.27"]
[SourceQuality "1"]

1. e4 c5 2. Nf3 Nc6 3. d4 cxd4 4. Nxd4 d5 5. Bb5 dxe4 6. Nxc6 Qxd1+ 7. Kxd1 a6 8. Nd4+ axb5 9. Nxb5 Bg4+ 10. Ke1 0-0-0 11. N1c3 e5 12. h3 Bh5 13. g4 Bg6 14. Nd1 h5 15. g5 Ne7 16. Ne3 f5 17. Bd2 Nc6 18. Nc4 Bf7 19. Nb6+ Kb8 20. a4 Bc5 21. Be3 Nd4 22. Nxd4 exd4 23. Bf4+ Bd6 24. Bxd6+ Rxd6 25. a5 f4 26. Rd1 h4 27. c3 d3 28. Kd2 Bh5 29. Rde1 Be2 30. Rhg1 Re8 31. Nc4 Rc6 32. b3 Rxc4 33. Rxe2 dxe2 34. bxc4 f3 35. Rb1 Rd8+ 36. Kc2 Kc7 37. g6 e3 38. fxe3 f2 0-1

[Event "USA U16 K9 op"]
[Site "Grapevine"]
[Date "2019.04.26"]
[Round "1"]
[White "Hung, Daniel1111"]
[Black "Field, Rowan Soraya"]
[Result "1/2-1/2"]
[WhiteElo "2052"]
[BlackElo "1254"]
[PlyCount "58"]
[EventDate "2019.04.26"]
[EventType "swiss"]
[EventRounds "7"]
[EventCountry "USA"]
[SourceTitle "CBM 190 Extra"]
[Source "ChessBase"]
[SourceDate "2019.07.15"]
[SourceVersion "1"]
[SourceVersionDate "2019.07.15"]
[SourceQuality "1"]

1. e4 c5 2. Nc3 Nc6 3. Bb5 Nd4 4. Nf3 a6 5. Bd3 Nc6 6. 0-0 d6 7. b3 g6 8. Bb2 Bg7 9. h3 Nf6 10. Nd5 e5 11. Nxf6+ Bxf6 12. Bc4 0-0 13. Nh2 Be6 14. Bxe6 fxe6 15. d3 b5 16. Qe2 Nd4 17. Qd1 b4 18. c3 Nc6 19. Qg4 Qe7 20. Nf3 Kh8 21. Rfd1 a5 22. c4 a4 23. Rab1 axb3 24. axb3 Ra2 25. g3 Qf7 26. Nd2 Bg7 27. Qe2 Bh6 28. f4 Nd4 29. Bxd4 cxd4 1/2-1/2

[Event "Pan American-ch U10 Girls"]
[Site "Santiago de Chile"]
[Date "2018.07.27"]
[Round "8"]
[White "Da Cunha, Gabriela Goes"]
[Black "Field, Rowan Soraya"]
[Result "1-0"]
[WhiteElo "1530"]
[BlackElo "1200"]
[PlyCount "105"]
[EventDate "2018.07.22"]
[EventType "swiss"]
[EventRounds "9"]
[EventCountry "CHI"]
[SourceTitle "EXT 2022"]
[Source "ChessBase"]
[SourceDate "2021.10.06"]
[SourceVersion "1"]
[SourceVersionDate "2021.10.06"]
[SourceQuality "1"]

1. d4 d5 2. Nf3 e6 3. Bf4 Nf6 4. e3 Nbd7 5. Bd3 Be7 6. Nbd2 0-0 7. h3 c5 8. c3 a6 9. a4 b6 10. 0-0 Bb7 11. Ne5 Nxe5 12. Bxe5 Nd7 13. Bg3 Bf6 14. f4 g6 15. Qe1 Rc8 16. Bf2 Bg7 17. Qe2 Nf6 18. Bxa6 Bxa6 19. Qxa6 Nh5 20. Qe2 cxd4 21. cxd4 Rc2 22. b3 Nf6 23. Qd1 Rc8 24. Rc1 Qd7 25. Nf3 Ne4 26. Nd2 Nc3 27. Qe1 Qa7 28. Nb1 Na2 29. Rxc8 Rxc8 30. Qd2 Nc3 31. Nxc3 Qa5 32. Be1 Qb4 33. Qb2 Qe7 34. Nb5 h5 35. Bf2 f6 36. Rc1 Rxc1+ 37. Qxc1 e5 38. Qc6 Qb4 39. Qxd5+ Kh7 40. fxe5 fxe5 41. dxe5 Qe7 42. e6 Kh6 43. Qd7 Qc5 44. Qd6 Qc8 45. e7 Kh7 46. Qc7 Qe6 47. Qd8 Qe5 48. e8Q Qa1+ 49. Kh2 Be5+ 50. Bg3 Bxg3+ 51. Kxg3 h4+ 52. Qxh4+ Kg7 53. Qhh8# 1-0